OPERUM || GEORGII SOH-||NII, SACRAE THEO-||LOGIAE DOCTORIS,|| Tomus primus;|| CONTINENS SCRIPTA || Auctoris methodica;|| QUAE SUNT HAEC:|| I. De verbo Dei & ejus tractatione libri duo.|| II. Synopsis sive delineatio Methodi Theologiae.|| III. Methodus Theologiae plené conformata.|| IV. Idea locorum communium Theologicorum.|| V. Synopsis totius Corporis doctrinae Philippi, Thesibus || comprehensa.|| VI. Aliae Theses de plerisque Theologiae partibus in Aca-||demiis Marpurgensi & Heidelbergensi disputatae, & || hîc ordine dispositae.|| PRAEFIXA EST ORATIO DE VITA ET || morte D. SOHNII, totum eius curriculum || comprehendens.||

Saved in:  
Bibliographic Details
Subtitles:OPERUM GEORGII SOHNII, SACRAE THEOLOGIAE DOCTORIS, Tomus primus; CONTINENS SCRIPTA Auctoris methodica; QUAE SUNT HAEC: I. De verbo Dei & ejus tractatione libri duo. II. Synopsis sive delineatio Methodi Theologiae. III. Methodus Theologiae plené conformata. IV. Idea locorum communium Theologicorum. V. Synopsis totius Corporis doctrinae Philippi, Thesibus comprehensa. VI. Aliae Theses de plerisque Theologiae partibus in Academiis Marpurgensi & Heidelbergensi disputatae, & hîc ordine dispositae. PRAEFIXA EST ORATIO DE VITA ET morte D. SOHNII, totum eius curriculum comprehendens
Operum tomus primus
Main Author: Sohn, Georg 1551-1589 (Author)
Contributors: Arnoldi, Johannes (Contributor) ; Goclenius, Rudolph 1547-1628 (Contributor) ; H.P.F. (Contributor) ; Kahl, Johann 1550-1614 (Contributor) ; Posthius, Johannes 1537-1597 (Contributor) ; Schede Melissus, Paulus 1539-1602 (Contributor) ; Simmler, Josias 1530-1576 (Contributor) ; Sten, Simon 1540-1619 (Contributor) ; Vermeulen, Johannes (Contributor) ; Corvinus, Christoph 1552-1620 (Printer)
Format: Print Book
Language:Latin
Check availability: HBZ Gateway
WorldCat: WorldCat
Interlibrary Loan:Interlibrary Loan for the Fachinformationsdienste (Specialized Information Services in Germany)
Published: Herborn Rab, Christoph 1591
In:Year: 1591
Further subjects:B Kommentar: theol
Online Access: // 2012 digitalisiert von꞉ Universitäts- und Landesbibliothek Sachsen-Anhalt, Halle. Exemplar der ULB Sachsen-Anhalt, Halle mit der Signatur꞉ Ib 4750 (1/2)
Parallel Edition:Electronic
Electronic Reproduction: Halle : Universitäts- und Landesbibliothek Sachsen-Anhalt, 2012. - urn:nbn:de:gbv:3:1-447950
Sammlungen:

MARC

LEADER 00000cam a2200000 c 4500
001 567766063
003 DE-627
005 20260324113432.0
007 tu
008 080530s1591 xx ||||| 00| ||lat c
024 7 |a VD16 S 6893  |2 vd16 
035 |a (DE-627)567766063 
035 |a (DE-576)9567766061 
035 |a (DE-599)BVBVD0058296 
035 |a (OCoLC)837128155 
035 |a (VD16)VD0058296 
040 |a DE-627  |b ger  |c DE-627  |e rakwb 
041 |a lat 
044 |c XA-DXDE 
084 |a 1  |2 ssgn 
100 1 |e VerfasserIn  |0 (DE-588)128521546  |0 (DE-627)374204144  |0 (DE-576)29719240X  |4 aut  |a Sohn, Georg  |d 1551-1589 
109 |a Sohn, Georg 1551-1589  |a Sohn, George 1551-1589  |a Sohnius, Georgius 1551-1589  |a Sonnius, Georg 1551-1589  |a Sohnius, Georg 1551-1589  |a Sohn, Georgius 1551-1589  |a G S R 1551-1589 
240 1 0 |a Operum tomus primus 
245 1 0 |a OPERUM || GEORGII SOH-||NII, SACRAE THEO-||LOGIAE DOCTORIS,|| Tomus primus;|| CONTINENS SCRIPTA || Auctoris methodica;|| QUAE SUNT HAEC:|| I. De verbo Dei & ejus tractatione libri duo.|| II. Synopsis sive delineatio Methodi Theologiae.|| III. Methodus Theologiae plené conformata.|| IV. Idea locorum communium Theologicorum.|| V. Synopsis totius Corporis doctrinae Philippi, Thesibus || comprehensa.|| VI. Aliae Theses de plerisque Theologiae partibus in Aca-||demiis Marpurgensi & Heidelbergensi disputatae, & || hîc ordine dispositae.|| PRAEFIXA EST ORATIO DE VITA ET || morte D. SOHNII, totum eius curriculum || comprehendens.|| 
246 1 |i Abweichender Titel  |a OPERUM GEORGII SOHNII, SACRAE THEOLOGIAE DOCTORIS, Tomus primus; CONTINENS SCRIPTA Auctoris methodica; QUAE SUNT HAEC: I. De verbo Dei & ejus tractatione libri duo. II. Synopsis sive delineatio Methodi Theologiae. III. Methodus Theologiae plené conformata. IV. Idea locorum communium Theologicorum. V. Synopsis totius Corporis doctrinae Philippi, Thesibus comprehensa. VI. Aliae Theses de plerisque Theologiae partibus in Academiis Marpurgensi & Heidelbergensi disputatae, & hîc ordine dispositae. PRAEFIXA EST ORATIO DE VITA ET morte D. SOHNII, totum eius curriculum comprehendens. 
246 3 3 |a Operum tomus primus 
246 3 3 |a OPERUM GEORGII SOHNII, SACRAE THEOLOGIAE DOCTORIS, Tomus primus; CONTINENS SCRIPTA Auctoris methodica; QUAE SUNT HAEC: I. De verbo Dei & ejus tractatione libri duo. II. Synopsis sive delineatio Methodi Theologiae. III. Methodus Theologiae plené conformata. IV. Idea locorum communium Theologicorum. V. Synopsis totius Corporis doctrinae Philippi, Thesibus comprehensa. VI. Aliae Theses de plerisque Theologiae partibus in Academiis Marpurgensi & Heidelbergensi disputatae, & hîc ordine dispositae. PRAEFIXA EST ORATIO DE VITA ET morte D. SOHNII, totum eius curriculum comprehendens. 
264 1 |a Herborn  |b Rab, Christoph  |c 1591 
300 |a [20] Bl., 325, [1] S., [1] Bl., 551, [1] S.  |b Ill. (Holzschn.), Tab., Druckerm.  |c 8° 
336 |a Text  |b txt  |2 rdacontent 
337 |a ohne Hilfsmittel zu benutzen  |b n  |2 rdamedia 
338 |a Band  |b nc  |2 rdacarrier 
361 1 |5 DE-Em2  |y 285811843 SGNTheol. 8° 0311 M  |o Vorbesitz  |a N.N.  |f Nummer  |z 31 
361 1 |5 DE-Em2  |y 285811843  |s Theol. 8° 0311 M  |o Vorbesitz  |a Bibliothek der Reformierten Großen Kirche (Emden)  |0 (DE-588)2053096-1  |0 (DE-627)103140468  |0 (DE-576)192008501  |f Bibliotheksexemplar 
361 1 |5 DE-Em2  |y 285811843  |s Theol. 8° 0311 M  |o Vorbesitz  |a Stiftung Johannes a Lasco Bibliothek Große Kirche Emden  |0 (DE-588)2179343-8  |0 (DE-627)303216840  |0 (DE-576)197865747  |f Signatur  |f Bibliotheksexemplar 
361 1 |5 DE-Ha32  |y 4300584478  |s W 1.48 8° (1)  |o Vorbesitz  |a Lynar, Rochus Quirinus zu  |0 (DE-588)118575554  |0 (DE-627)079370772  |0 (DE-576)209020261  |f Einband  |f Wappen  |f Supralibros 
361 1 |5 DE-Ha32  |y 4300584478  |s W 1.48 8° (1)  |o Vorbesitz  |a Lynar, August zu  |0 (DE-588)1055694218  |0 (DE-627)793745608  |0 (DE-576)411295292  |f Einband  |f Wappen  |k 1587  |z Supralibros, gemeinsam mit Johann Kasimir von Lynar 
361 1 |5 DE-Ha32  |y 4300584478  |s W 1.48 8° (1)  |o Vorbesitz  |a Distelmeyer, Christian  |0 (DE-588)116110813  |0 (DE-627)077635299  |0 (DE-576)172344050  |z Der Band gehörte aufgrund der Bibliotheksgeschichte vermutlich Christian Distelmeyer, die Provenienz ist nicht eindeutig belegt 
361 1 |5 DE-Ha32  |y 4300584478  |s W 1.48 8° (1)  |o Zugang  |a Marienbibliothek Halle  |0 (DE-588)5228564-9  |0 (DE-627)231672306  |0 (DE-576)196377692  |f Bibliotheksexemplar  |f Exlibris  |f Stempel 
500 |a Beiträger: Arnoldi, Johannes aus Rödingen; Goclenius, Rudolf d.Ä.; H.P.F.; Kahl, Johannes; Posthius, Johannes; Schede, Paul; Simler, Josias; Sten, Simon; Vermeulen, Johannes aus Lille 
500 |a Verbesserte Neuaufnahme 
500 |a [2 Teile] 
500 |a Vorlageform der Veröffentlichungsangabe: HERBORNAE NASSOVIORUM,|| Imprimebat Christophorus Corvinus.|| M D XCI.|| 
601 |a Philippi 
601 |a Curriculum 
655 7 |a Kommentar: theol  |0 (DE-627)096632054  |2 local 
700 1 |e BeiträgerIn  |0 (DE-588)119609282  |0 (DE-627)539083607  |0 (DE-576)291776434  |4 ctb  |a Arnoldi, Johannes 
700 1 |e BeiträgerIn  |0 (DE-588)119396181  |0 (DE-627)133773922  |0 (DE-576)212386026  |4 ctb  |a Goclenius, Rudolph  |d 1547-1628 
700 0 |e BeiträgerIn  |0 (DE-588)119715538  |0 (DE-627)539168599  |0 (DE-576)291859062  |4 ctb  |a H.P.F. 
700 1 |e BeiträgerIn  |0 (DE-588)100068561  |0 (DE-627)076586138  |0 (DE-576)167018825  |4 ctb  |a Kahl, Johann  |d 1550-1614 
700 1 |e BeiträgerIn  |0 (DE-588)119006464  |0 (DE-627)133870057  |0 (DE-576)210683783  |4 ctb  |a Posthius, Johannes  |d 1537-1597 
700 1 |e BeiträgerIn  |0 (DE-588)118580558  |0 (DE-627)079375154  |0 (DE-576)209030704  |4 ctb  |a Schede Melissus, Paulus  |d 1539-1602 
700 1 |e BeiträgerIn  |0 (DE-588)11879728X  |0 (DE-627)134605411  |0 (DE-576)20947209X  |4 ctb  |a Simmler, Josias  |d 1530-1576 
700 1 |e BeiträgerIn  |0 (DE-588)124623425  |0 (DE-627)363451684  |0 (DE-576)167132008  |4 ctb  |a Sten, Simon  |d 1540-1619 
700 1 |e BeiträgerIn  |0 (DE-588)119858010  |0 (DE-627)539283592  |0 (DE-576)291971059  |4 ctb  |a Vermeulen, Johannes 
700 1 |0 (DE-588)119796864  |0 (DE-627)539234567  |0 (DE-576)291923151  |4 prt  |a Corvinus, Christoph  |d 1552-1620 
751 |a Herborn  |4 pup 
776 0 8 |i Digitalisierte Ausg.  |a Sohn, Georg, 1551 - 1589  |t OPERUM || GEORGII SOH-||NII, SACRAE THEO-||LOGIAE DOCTORIS,|| Tomus primus;|| CONTINENS SCRIPTA || Auctoris methodica;|| QUAE SUNT HAEC:|| I. De verbo Dei & ejus tractatione libri duo.|| II. Synopsis sive delineatio Methodi Theologiae.|| III. Methodus Theologiae plené conformata.|| IV. Idea locorum communium Theologicorum.|| V. Synopsis totius Corporis doctrinae Philippi, Thesibus || comprehensa.|| VI. Aliae Theses de plerisque Theologiae partibus in Aca-||demiis Marpurgensi & Heidelbergensi disputatae, & || hîc ordine dispositae.|| PRAEFIXA EST ORATIO DE VITA ET || morte D. SOHNII, totum eius curriculum || comprehendens.||  |d Herborn : Rab, Christoph, 1591  |h [20] Bl., 325, [1] S., [1] Bl., 551, [1] S.  |w (DE-627)745501435  |w (DE-576)9745501433  |k Electronic 
776 0 8 |i Elektronische Reproduktion  |d Halle : Universitäts- und Landesbibliothek Sachsen-Anhalt, 2012  |o urn:nbn:de:gbv:3:1-447950 
856 4 1 |u https://nbn-resolving.org/urn:nbn:de:gbv:3:1-447950  |x Resolving-System  |z // 2012 digitalisiert von꞉ Universitäts- und Landesbibliothek Sachsen-Anhalt, Halle. Exemplar der ULB Sachsen-Anhalt, Halle mit der Signatur꞉ Ib 4750 (1/2)  |z kostenfrei  |7 0 
935 |a JALB  |a mteo  |a FBGO 
951 |a BO 
ELC |b 1 
LOK |0 000 xxxxxcx a22 zn 4500 
LOK |0 001 4579053044 
LOK |0 003 DE-627 
LOK |0 004 567766063 
LOK |0 005 20260324112717 
LOK |0 008 240912||||||||||||||||ger||||||| 
LOK |0 040   |a DE-Tue135  |c DE-627  |d DE-Tue135 
LOK |0 092   |o n 
LOK |0 852   |a DE-Tue135 
LOK |0 852 1  |9 00 
LOK |0 866   |x SPQUE#Johannes a Lasco Bibliothek 
LOK |0 866   |x SPQUE#Forschungsbibliothek Gotha#SPSAM#Bestand Theologie (bis 2024-03) 
LOK |0 866   |x SPQUE#VD (Historische deutsche Nationalbibliographie)#SPSAM#VD16 
LOK |0 935   |a JALB  |a FBGO  |a goth  |a ixvd  |a ixv6 
LOK |0 939   |a 2024-09-12  |b l01 
OAS |a 1 
ORI |a TA-MARC-ixtheoa001.raw